[Event "AUTO-OPEN-3456"]
[Site "http://www.queenalice.com/game.php?id=1349390"]
[Date "2015.3.23"]
[Round "1"]
[White "Equeiroz"]
[Black "Snoopy_GM"]
[Result "0-1"]
[WhiteElo "1745"]
[BlackElo "1886"]

1. e4 e5 2. Nf3 Nc6 3. Bb5 Nge7 4. O-O g6 5. d3 Bg7 6. Bg5 h6 7. Bh4 g5 8. Bg3
d6 9. Nbd2 Bd7 10. Qe2 a6 11. Ba4 O-O 12. c3 b5 13. Bd1 Ng6 14. Qe3 Bg4 15. h3
Bxf3 0-1

[Event "AUTO-OPEN-3456"]
[Site "http://www.queenalice.com/game.php?id=1349416"]
[Date "2015.3.23"]
[Round "1"]
[White "Equeiroz"]
[Black "carver"]
[Result "0-1"]
[WhiteElo "1665"]
[BlackElo "1973"]

1. e4 e5 2. Nf3 Nc6 3. Bb5 d6 4. h3 a6 5. Ba4 b5 6. Bb3 Bb7 7. O-O Nf6 8. d3 Be7
9. Bd2 h6 10. Nc3 Nd7 11. Qe2 Na5 12. Nd5 Nxb3 13. axb3 Bxd5 14. exd5 Bg5 15.
Nxg5 hxg5 16. c4 bxc4 17. dxc4 f6 18. Ba5 Nc5 19. Qc2 Rh6 20. Ra2 Rb8 0-1

[Event "AUTO-OPEN-3456"]
[Site "http://www.queenalice.com/game.php?id=1349433"]
[Date "2015.3.23"]
[Round "1"]
[White "Equeiroz"]
[Black "Gera"]
[Result "0-1"]
[WhiteElo "1671"]
[BlackElo "2041"]

1. e4 c5 2. Bc4 e6 3. Nf3 Nf6 4. d3 a6 5. a3 Qc7 6. O-O b5 7. Ba2 Nc6 8. Bg5 Be7
9. Nbd2 O-O 10. Qe2 Re8 11. h3 Bb7 12. Rae1 d5 13. e5 Nd7 14. Bxe7 Nxe7 15. Nh2
Nc6 16. f4 Nd4 17. Qd1 c4 18. Ndf3 Qb6 19. dxc4 Nxf3+ 20. Kh1 Nxe1 21. Rxe1 Rad8
22. cxb5 Nc5 23. b4 Ne4 24. Qf3 Nf2+ 0-1

[Event "AUTO-OPEN-3456"]
[Site "http://www.queenalice.com/game.php?id=1349434"]
[Date "2015.3.23"]
[Round "1"]
[White "Gera"]
[Black "Equeiroz"]
[Result "1-0"]
[WhiteElo "2039"]
[BlackElo "1673"]

1. c4 e5 2. Qc2 d6 3. Nc3 Be6 4. e3 Nf6 5. Be2 Be7 6. Nf3 h6 7. O-O O-O 8. Rd1
Nbd7 9. d4 exd4 10. Nxd4 a5 11. f4 Bg4 12. Bxg4 Nxg4 13. Nf5 Nc5 14. Nd5 Re8 15.
h3 Nf6 16. Ndxe7+ Rxe7 17. b3 Re8 18. Bb2 Nce4 19. Rd3 Re6 20. Rad1 Kh7 21. Bxf6
Rxf6 22. Ng3 Qe8 23. Rd4 1-0

[Event "AUTO-ADV-3380"]
[Site "http://www.queenalice.com/game.php?id=1349445"]
[Date "2015.3.23"]
[Round "1"]
[White "ALDROB"]
[Black "Equeiroz"]
[Result "1-0"]
[WhiteElo "1833"]
[BlackElo "1683"]

1. e4 e5 2. Nf3 Nc6 3. Bb5 d6 4. O-O Bd7 5. c3 a6 6. Ba4 Be7 7. d4 exd4 8. cxd4
h6 9. Re1 Bg4 10. d5 b5 11. Bc2 Bxf3 12. Qxf3 Ne5 13. Qb3 Nf6 14. h3 O-O 15. f4
Ned7 16. Be3 Qb8 17. Nd2 Nb6 18. Kh1 Re8 19. Nf3 Nc4 20. Bd4 Nd7 21. e5 dxe5 22.
fxe5 1-0

[Event "AUTO-ADV-3380"]
[Site "http://www.queenalice.com/game.php?id=1349446"]
[Date "2015.3.23"]
[Round "1"]
[White "Equeiroz"]
[Black "ALDROB"]
[Result "0-1"]
[WhiteElo "1694"]
[BlackElo "1822"]

1. e4 c5 2. Nf3 d6 3. Bc4 e6 4. O-O Bd7 5. a3 b5 6. Ba2 Nc6 7. d3 g6 8. Be3 Bg7
9. c3 Nge7 10. Nbd2 O-O 11. Qe2 f5 12. exf5 Nxf5 13. Rae1 Kh8 14. Bg5 Qb6 15.
Qd1 h6 16. Bh4 Nxh4 17. Nxh4 Kh7 18. Bxe6 Bxe6 19. Rxe6 Ne5 20. Ndf3 Rad8 21.
Nxe5 Bxe5 22. Rxg6 Rf4 0-1

[Event "AUTO-ADV-3339"]
[Site "http://www.queenalice.com/game.php?id=1353083"]
[Date "2015.4.12"]
[Round "2"]
[White "NatanEstivallet"]
[Black "Equeiroz"]
[Result "1-0"]
[WhiteElo "2076"]
[BlackElo "1746"]

1. e4 e5 2. Nf3 Nc6 3. Bc4 h6 4. c3 Be7 5. d4 exd4 6. O-O dxc3 7. Nxc3 d6 8. b3
Be6 9. Bb5 Bf6 10. Bb2 Ne7 11. Qe2 O-O 12. h3 a6 13. Bd3 Ne5 14. Bc2 N7g6 15.
Qe3 Nxf3+ 16. Qxf3 Be5 17. Qe3 1-0

[Event "AUTO-ADV-3339"]
[Site "http://www.queenalice.com/game.php?id=1353084"]
[Date "2015.4.12"]
[Round "2"]
[White "Equeiroz"]
[Black "NatanEstivallet"]
[Result "0-1"]
[WhiteElo "1747"]
[BlackElo "2087"]

1. e4 c5 2. Nf3 d6 3. Bc4 e6 4. O-O Nf6 5. d3 Be7 6. Nbd2 O-O 7. a3 Nc6 8. Ba2
Bd7 9. Nb3 a6 10. Bd2 Rc8 11. Qe2 e5 12. Rac1 Re8 13. h3 h6 0-1

[Event "AUTO-ADV-3339"]
[Site "http://www.queenalice.com/game.php?id=1353090"]
[Date "2015.4.12"]
[Round "2"]
[White "pgrzelak"]
[Black "Equeiroz"]
[Result "1-0"]
[WhiteElo "1933"]
[BlackElo "1701"]

1. d4 d5 2. Nf3 Nf6 3. Nc3 Bf5 4. e3 e6 5. Ne5 h6 6. Bd3 Bxd3 7. Qxd3 a6 8. Bd2
Nbd7 9. h3 Nxe5 10. dxe5 Nd7 11. f4 Bb4 12. a3 Bxc3 13. Bxc3 Nc5 14. Qd4 Ne4 15.
O-O O-O 16. f5 Rc8 17. Rad1 c5 18. Qd3 c4 19. Qd4 Ng3 20. Rf2 1-0